Optimization of solar power supply systems; Интеллектуальные энергосистемы; Т. 2
| Parent link: | Интеллектуальные энергосистемы: труды IV Международного молодёжного форума, 10-14 октября 2016 г., г. Томск/ Национальный исследовательский Томский политехнический университет (ТПУ), Энергетический институт (ЭНИН).— , 2016 Т. 2.— 2016.— [С. 155-158] |
|---|---|
| Автор: | |
| Співавтор: | |
| Інші автори: | |
| Резюме: | Заглавие с титульного экрана My work focuses on the development of approaches to designing solar power systems for the needs of decentralized power supply. It develops an algorithm for determining an optimal structure of power supply system taking into account technical, economic, environmental and social aspects. The case study for the algorithm is the solar power supply system located in decentralized area of the settlement Stepanovka. |
| Мова: | Англійська |
| Опубліковано: |
2016
|
| Серія: | Электротехнические комплексы автономных объектов |
| Предмети: | |
| Онлайн доступ: | http://earchive.tpu.ru/handle/11683/36173 |
| Формат: | MixedMaterials Електронний ресурс Частина з книги |
| KOHA link: | https://koha.lib.tpu.ru/cgi-bin/koha/opac-detail.pl?biblionumber=621607 |
MARC
| LEADER | 00000naa2a2200000 4500 | ||
|---|---|---|---|
| 001 | 621607 | ||
| 005 | 20231101133153.0 | ||
| 035 | |a (RuTPU)RU\TPU\conf\20223 | ||
| 035 | |a RU\TPU\conf\20221 | ||
| 090 | |a 621607 | ||
| 100 | |a 20170112d2016 k y0rusy50 ba | ||
| 101 | 0 | |a eng | |
| 102 | |a RU | ||
| 105 | |a y z 101zy | ||
| 135 | |a drgn ---uucaa | ||
| 181 | 0 | |a i | |
| 182 | 0 | |a b | |
| 200 | 1 | |a Optimization of solar power supply systems |f A. Bulgakov |g sci. adv. L. P. Sumarokova | |
| 203 | |a Текст |c электронный | ||
| 225 | 1 | |a Электротехнические комплексы автономных объектов | |
| 230 | |a 1 компьютерный файл (pdf; 241 Kb) | ||
| 300 | |a Заглавие с титульного экрана | ||
| 320 | |a [Библиогр.: с. 158 (3 назв.)] | ||
| 330 | |a My work focuses on the development of approaches to designing solar power systems for the needs of decentralized power supply. It develops an algorithm for determining an optimal structure of power supply system taking into account technical, economic, environmental and social aspects. The case study for the algorithm is the solar power supply system located in decentralized area of the settlement Stepanovka. | ||
| 461 | 1 | |0 (RuTPU)RU\TPU\conf\20053 |t Интеллектуальные энергосистемы |o труды IV Международного молодёжного форума, 10-14 октября 2016 г., г. Томск |o в 3 т. |f Национальный исследовательский Томский политехнический университет (ТПУ), Энергетический институт (ЭНИН) |d 2016 | |
| 463 | 1 | |0 (RuTPU)RU\TPU\conf\20055 |t Т. 2 |v [С. 155-158] |d 2016 | |
| 610 | 1 | |a труды учёных ТПУ | |
| 610 | 1 | |a электронный ресурс | |
| 610 | 1 | |a оптимизация | |
| 610 | 1 | |a проектирование | |
| 610 | 1 | |a солнечная энергия | |
| 610 | 1 | |a децентрализованное электроснабжение | |
| 610 | 1 | |a алгоритмы | |
| 700 | 1 | |a Bulgakov |b A. | |
| 702 | 1 | |a Sumarokova |b L. P. |c Specialist in the field of electric power engineering |c Associate Professor of Tomsk Polytechnic University, Candidate of technical sciences |f 1981- |g Liudmila Petrovna |2 stltpush |4 727 | |
| 712 | 0 | 2 | |a Национальный исследовательский Томский политехнический университет (ТПУ) |b Энергетический институт (ЭНИН) |b Кафедра электроснабжения промышленных предприятий (ЭПП) |h 186 |2 stltpush |3 (RuTPU)RU\TPU\col\18676 |
| 801 | 2 | |a RU |b 63413507 |c 20170124 |g RCR | |
| 856 | 4 | |u http://earchive.tpu.ru/handle/11683/36173 | |
| 942 | |c BK | ||